[Event "Valasska Bystrice op"]
[Site "Valasska Bystrice"]
[Date "2016.09.15"]
[Round "7"]
[White "Feix, Vilem"]
[Black "Glacner, Karel"]
[Result "0-1"]
[WhiteElo "1439"]
[BlackElo "1612"]
[PlyCount "110"]
[EventDate "2016.09.10"]
[EventType "swiss"]
[EventRounds "9"]
[EventCountry "CZE"]
[SourceTitle "CBM 174 Extra"]
[Source "ChessBase"]
[SourceDate "2016.10.10"]
[SourceVersion "1"]
[SourceVersionDate "2016.10.10"]
[SourceQuality "1"]

1. e4 e5 2. Nf3 Nc6 3. Bb5 Nd4 4. Nxd4 exd4 5. Qf3 Qf6 6. Qxf6 Nxf6 7. 0-0 a6 8. Ba4 c5 9. a3 b5 10. Bb3 c4 11. Ba2 d6 12. d3 Be6 13. f4 Rc8 14. Nd2 Bg4 15. Nf3 Bxf3 16. Rxf3 Nd7 17. Bd2 cxd3 18. cxd3 Rc2 19. Bc1 Be7 20. Bb3 Rc7 21. Bd2 0-0 22. Bd1 Rfc8 23. b4 Nb6 24. Rf1 Na4 25. Bxa4 bxa4 26. Rac1 Rxc1 27. Rxc1 Rxc1+ 28. Bxc1 Bd8 29. Bd2 f6 30. Kf2 Kf7 31. Kf3 g6 32. g4 Ke7 33. Be1 h6 34. h4 Kd7 35. Bf2 Bb6 36. f5 g5 37. hxg5 hxg5 38. Ke2 Kc6 39. Bg3 Kd7 40. Kd1 a5 41. bxa5 Bxa5 42. Kc2 Bc3 43. Bf2 Kc6 44. Bg3 Ba5 45. Kd1 Bb6 46. Kc2 Bc5 47. Kb2 Bb6 48. Kc2 d5 49. Bb8 dxe4 50. dxe4 Bc5 51. e5 Be7 52. Kd3 Kd5 53. Bd6 Bd8 54. exf6 Kxd6 55. Kxd4 Bxf6+ 0-1